000
00291nam a2200109Ia 4500
008
190907s9999||||xx |||||||||||||| ||und||
100
_a
Bennett
245
0
_a
Object- Oriented Ayatems Analysis And Design Using UML
260
_a
New Jersey
_b
Willey Student
_c
2002
300
_a
612
942
_c
BK
999
_c
6316
_d
6316